Top 15 Meilleurs Cyclistes Mondes 2025 - Statistiques

Statistiques générales
  • Ce quiz a été pris 157 fois
  • Le résultat moyen est 7 sur 15
Statistiques - réponses
Classement Cyclistes % Correct
1 Tadej Pogačar
98%
6 Jonas Vingegaard
94%
3 Mathieu Van der Poel
90%
2 Remco Evenepoel
80%
5 Wout Van Aert
75%
4 Primoz Roglič
69%
7 Jasper Philipsen
61%
9 Adam Yates
54%
12 Biniam Girmay
34%
13 Tom Pidcock
27%
15 Ben O'Connor
20%
14 Marc Hirschi
14%
10 Filippo Gana
7%
8 Mads Perdersen
1%
11 João Almeilda
0%
Aucun quiz correspondant
Distribution des résultats
% des personnes avec chaque résultat
Percentile par nombre de réponses
Votre historique - résultats
Vous n’avez pas pris ce quiz